| 000 | 00334nam a22001217a 4500 | ||
|---|---|---|---|
| 082 |
_a510.2462 _bROS _cD |
||
| 245 | _aMathematics for engineers part-II | ||
| 260 |
_aLondon _bChapman & Hall Ltd _c1949 |
||
| 300 |
_axii, 425 p. : _bill, ; _c20 cm. |
||
| 526 |
_a0 _b0 _c0 _d510_246200000000000_ROS |
||
| 650 |
_aD _96527 |
||
| 942 |
_2ddc _cBK |
||
| 999 |
_c543585 _d543585 |
||